000 00680cab a2200181 4500
001 WB2329-14
008 090401t xxu||||| |||| 00| 0 eng d
035 _a(Sirsi) u49571
041 _aeng
245 _aHousing market survey
350 _a0
490 _aRICS News Service
_vPR5/87-88 (15)
520 _aSurvey for the quarter ending June 1987. The reduction in mortgage rates has meant that sales are booming; many estate agents record a higher number of sales than at any time this year and with it an increasing pressure on prices.
650 _aINTEREST RATES
690 _aPROPERTY-RESIDENTIAL PROPERTY-RESIDENTIAL PROPERTY MARKET
942 _n0
948 _c04/03/1997
999 _c31029
_d31029